Library Banner

Towards understanding depression & anxiety / (Record no. 97388)

MARC details
000 -LEADER
fixed length control field 00380nam a22001457a 4500
005 - DATE AND TIME OF LATEST TRANSACTION
control field 20170818094421.0
008 - FIXED-LENGTH DATA ELEMENTS--GENERAL INFORMATION
fixed length control field 170818b xxu||||| |||| 00| 0 eng d
040 ## - CATALOGING SOURCE
Transcribing agency PK-LaUMT
082 ## - DEWEY DECIMAL CLASSIFICATION NUMBER
Classification number 152.46
Item number TAR-T
100 ## - MAIN ENTRY--PERSONAL NAME
Personal name Tareen, K. I
245 ## - TITLE STATEMENT
Title Towards understanding depression & anxiety /
Statement of responsibility, etc K. I. Tareen
260 ## - PUBLICATION, DISTRIBUTION, ETC. (IMPRINT)
Place of publication, distribution, etc Lahore :
Name of publisher, distributor, etc Wajidalis,
Date of publication, distribution, etc 1980
300 ## - PHYSICAL DESCRIPTION
Extent 60 p.
942 ## - ADDED ENTRY ELEMENTS (KOHA)
Koha item type Books
Holdings
Withdrawn status Lost status Damaged status Home library Current library Date acquired Full call number Barcode Date last seen Price effective from Koha item type
      UMT Main Campus UMT Main Campus 2017-08-18 152.46 TAR-T 110178 2017-08-18 2017-08-18 Books